000 00253nam a2200097Ia 4500
008 190216s9999||||xx |||||||||||||| ||und||
100 _aSidhanath Kumar
245 0 _aHindi-Ekanki Ki Silpa Vidi Ka Vikas
260 _bNational Publishing House
942 _cBK
999 _c17350
_d17350